Ode Reverendo, Ac Clarissimo Viro Floriano Hemtner, A E Scholis Piis, AA. LL. Et Philos. Doctori, Collegii Schemnicziensis Rectori, Nec Non Gymnasii Locali Directori, Oblata

Bibliographic Details
Main Author: Frank, Hieronymus (Author)
Other Authors: Sulcer, Ján František, asi 1753-1825 (Printer)
Format: Book
Language:Latin
PhysicalDescription:7 strán 19 cm
Subjects:

MARC

LEADER 00000nam a2200000 4500
001 vtls012078500
003 SK-MaSNL
005 20260301104403.0
008 230421s1806 xo 0 0n0 lat
015 |a SNBHFA 
035 |a urn:nbn:sk:snk-am00ibu5 
035 |a A056C1AD-3ACB-42FE-AA3C-ECED2DDB1686 
040 |a SNKHFA  |b slo  |c SNKHFA  |e rda 
041 0 |a lat 
044 |a xo  |c SK 
072 7 |a 808  |x Literárny štýl. Literárna činnosť a technika. Efektívne využívanie jazyka. Spisovateľská činnosť  |2 konspekt 
080 |a 808.5-051  |2 2011 
100 1 |a Frank, Hieronymus  |4 aut  |9 443052 
245 1 0 |a Ode Reverendo, Ac Clarissimo Viro Floriano Hemtner, A E Scholis Piis, AA. LL. Et Philos. Doctori, Collegii Schemnicziensis Rectori, Nec Non Gymnasii Locali Directori, Oblata  |c Ab Hieronymo Frank Ejusdem Instituti, Grammaticae Professore IV. Nonas Maji Anno 1806. 
264 3 |a Schemnicii  |b Typis Francisci Joannis Sulzer Priv. Typ.  |c 1806 
300 |a 7 strán  |c 19 cm 
336 |a text  |b txt  |2 rdacontent 
337 |a bez média  |b n  |2 rdamedia 
338 |a zväzok  |b nc  |2 rdacarrier 
501 |a Príväzok 4. k: DANIEL, Marcellus. Commentatio De Titulo Haereditarii Austriae Imperatoris A nobili Hvngaro Anno 1804. Pestini: Typis Matthiae Trattner, 1810.  |5 SNK SD 15554 
504 |a Poznámky pod textom 
600 1 4 |a Hemtner, Florian  |9 443053 
650 0 7 |a poézia  |2 SNKPH  |9 1274 
655 7 |a príležitostné tlače  |2 SNKPH  |9 281484 
700 1 |a Sulcer, Ján František,  |d asi 1753-1825  |4 prt  |9 206775 
752 |a Slovensko  |d Banská Štiavnica 
852 |a Slovenská národná knižnica  |b Historické fondy 
852 |a snk  |p SD 15554/prív.4 
958 |a DF 
958 |a ONDV 
999 |c 697993  |d 699923 
952 |a SNK  |b SNK  |y PREZ  |7 0  |p 17A1398463  |o snkSD 15554/prív.4  |i snkKSF 1453/58  |8 5  |0 0  |1 0  |4 0  |d 2021-11-24  |f 1  |l 0  |r 2025-11-28 00:00:00  |w 2026-02-23